| 000 | 00663cam a22002171 4500 | ||
|---|---|---|---|
| 001 | med48000527 | ||
| 003 | DLC | ||
| 005 | 20260227111609.0 | ||
| 008 | 810815s1947 xx a 000 0 eng | ||
| 010 | _amed48000527 | ||
| 035 | _a(OCoLC)14741258 | ||
| 040 |
_aDLC _cDNLM _dDLC |
||
| 042 | _apremarc | ||
| 050 | 0 | 0 |
_aRM730 _b.H37 |
| 060 | 0 |
_aWB 905 _bH498x 1947 |
|
| 100 | 1 |
_aHendricks, Arthur George, _d1894- |
|
| 245 | 1 | 0 |
_aX-ray technique and spinal misalignment interpretation, _cby A. G. Hendricks [and] Earl A. Rich. |
| 260 |
_aIndianapolis, _bLincoln Chiropractic College, _cc1947. |
||
| 300 |
_a111 p. _bill. |
||
| 700 | 1 |
_aRich, Earl Arthur, _d1921-1967. |
|
| 999 |
_c38901 _d38901 |
||